Welcome to WEB OPAC of MRSPTU Central Library

Physics for scientists and engineers with modern Physics (Record no. 2058)

MARC details
000 -LEADER
fixed length control field 00407nam a2200157Ia 4500
008 - FIXED-LENGTH DATA ELEMENTS--GENERAL INFORMATION
fixed length control field 230711s9999||||xx |||||||||||||| ||und||
041 ## - LANGUAGE CODE
Language code of text/sound track or separate title ENG
082 ## - DEWEY DECIMAL CLASSIFICATION NUMBER
Classification number 720
Item number SE-P
100 ## - MAIN ENTRY--PERSONAL NAME
Personal name Serway,Raymond A
245 #0 - TITLE STATEMENT
Title Physics for scientists and engineers with modern Physics
250 ## - EDITION STATEMENT
Edition statement 1st Ed.
260 ## - PUBLICATION, DISTRIBUTION, ETC.
Date of publication, distribution, etc. 1983
Place of publication, distribution, etc. New Delhi
Name of publisher, distributor, etc. Saunders College Publication
300 ## - PHYSICAL DESCRIPTION
Extent 113
650 ## - SUBJECT ADDED ENTRY--TOPICAL TERM
Topical term or geographic name entry element Physics
942 ## - ADDED ENTRY ELEMENTS (KOHA)
Koha item type Book
Holdings
Withdrawn status Lost status Damaged status Not for loan Collection Home library Current library Date acquired Total checkouts Full call number Barcode Date last seen Price effective from Koha item type
          MRSPTU Central Library MRSPTU Central Library     720 SE-P 8574 08/17/2023 08/17/2023 Book

Website Designed and Developed by MRSPTU Central Library Team

E-mail Id: librarian@mrsptu.ac.in